Province che confinano con la Provincia di Rovigo - Statistics

Statistiche generali
  • Questo quiz è stato fatto 15 volte
  • Il punteggio medio è 5 su 5
Statistiche sulle risposte
Regione Provincia % Corretto
Emilia-Romagna Provincia di Ferrara
100%
Veneto Città metropolitana di Venezia
92%
Lombardia Provincia di Mantova
92%
Veneto Provincia di Padova
83%
Veneto Provincia di Verona
83%
Nessun quiz corrispondente trovato
Distribuzione punteggi
Percentuale di utenti per punteggio
Percentile per numero di risposta
I tuoi punteggi nel tempo
Non hai fatto questo quiz